000 00375nam a2200145Ia 4500
008 240624s9999 xx 000 0 und d
041 _aeng
082 _a300.72 SHA
100 _aSHARMA R C
245 _aBUSINESS CORRESPONDENCE AND REPORT WRITI
250 _a(3rd ed.)
260 _c2008
_aNew Delhi
_bTata McGraw- Hill
300 _a431 : P. : cm. ; 24
365 _cRS
_b35
999 _c10891
_d10891